000 00700nam a2200289Ia 4500
005 20260324115337.0
008 008 260324s9999 xx 000 0 eng d
020 _a9780429024672
037 _aEBOOK
040 _aCRL
040 _beng
040 _cCRL
041 _2eng
041 _aeng
084 _qCRL
100 _aGinger Levin, PMP, PgMP
_91154145
245 0 _aPMPĀ® Exam Preparation
245 0 _bTest Questions, Practice Test, and Simulated Exam
260 _bTaylor and Francis
260 _c2018
365 _a
365 _b435
856 _uhttp://www.taylorfrancis.com/books/9780429024672
942 _cEBOOK
999 _c1745120
_d1745120